000 01132nam a2200229Ia 4500
001 L248-27576
003 IT-CnALBA
008 170116s9999||||xx |||||||||||||| ||und||
040 _aIT-CnALBA
_cIT-CnALBA
041 _aITALIANO
100 _aDIONISI AURELIO, SJ.
245 0 _aIL CUORE DI GESÙ E IL MONDO MODERNO.
250 _a1a ed.
260 _aTORINO - ROMA
_bAPOSTOLATO DELLA PREGHIERA
_c1951 [1° Ed.:1951 - Ed.Ling.Originale: 1951]
300 _a142 p.
500 _aPREFAZIONE DELL'AUTORE. IL FIGLIO DI DIO. IL CUORE DI GESÙ. INDAGINE TEOLOGICA. CUORE DI GESÙ E MONDO MODERNO. CHIESA. PROTESTANTI SACERDOTE. FAMIGLIA SCIENZA POLITICA. ECONOMIA. NON CRISTIANI. CRISTIANI. LITANIE.
501 _aSocietà San Paolo EM - Piazza San Paolo, 14 - 12051 ALBA (CN) (non commercial uses only) ® Copyright 2017
520 _aPREFAZIONE DELL'AUTORE. IL FIGLIO DI DIO. IL CUORE DI GESÙ. INDAGINE TEOLOGICA. CUORE DI GESÙ E MONDO MODERNO. CHIESA. PROTESTANTI SACERDOTE. FAMIGLIA SCIENZA POLITICA. ECONOMIA. NON CRISTIANI. CRISTIANI. LITANIE.
650 _aASCETICA E MISTICA
942 _cBK
957 _71
999 _a32365
_bNO
_g Copie: 1
_c286624
_d286624